00695nam a2200241 a 4500001001300000003000900013005001700022008004100039020000800080082001300088100001800101245003500119260003600154300000900190500003500199505003900234650002300273700001800296902000800314942000700322952010900329999001500438nice12345678IN_TiNIC20260116011501.0050524s1924 shia grp 000 0 eng  ac000a509bWIN aWindelband, W aHistory of Ancient Philosophy. aShimlabIndian Institute c1924 a393p aincludes index and biblioraphy2 aBibliography, Index, General Index aPhilosophy-Ancient1 aWindelband, W bSRS cBK 001040708StackRoom-aHMIbHMId2005-05-24g0.00l0o509 WINp01712r2005-05-24v0.00w2005-05-24yBK c1945d1945